000 00568nam a2200193Ia 4500
999 _c15069
_d15069
003 OSt
005 20201117112215.0
008 190216s9999||||xx |||||||||||||| ||und||
020 _a0070992290
040 _coclc
082 _a428.3
_bBER/T
100 _a Berry, Thomas Elliot
_96657
245 4 _aThe Most Commen Mistakes In English Usage /
_cThomas Elliott Berry
250 _a32nd Ed.
260 _bTata Mcgrawhill Publishers,
_c2004.
_aNew delhi;
300 _a146p
650 _aEnglish
942 _cBK
_2ddc
_h428.3
_iBER/T
_k428.3
_mBER/T